[Event "IECC KO email"]
[Site "IECC email"]
[Date "1999.09.10"]
[Round "?"]
[White "Cunningham, Don"]
[Black "Rawson, Amy"]
[Result "0-1"]
[WhiteElo "909"]
[BlackElo "1054"]
[PlyCount "38"]
[EventDate "1999.??.??"]
[EventType "tourn (corr)"]
[EventRounds "6"]
[SourceTitle "Corr 2008"]
[Source "ChessBase"]
[SourceDate "2008.06.24"]
[SourceVersion "1"]
[SourceVersionDate "2008.06.24"]
[SourceQuality "1"]

1. e4 e5 2. Nf3 Nc6 3. d4 exd4 4. c3 dxc3 5. Nxc3 d6 6. Bc4 Nf6 7. 0-0 Be7 8. Be3 0-0 9. Ng5 Ne5 10. Bb3 Nfg4 11. Bc2 Nxe3 12. fxe3 Bxg5 13. Qh5 Bxe3+ 14. Kh1 g6 15. Qe2 Bg5 16. Rad1 Bg4 17. Qb5 Bxd1 18. Bxd1 b6 19. Nd5 c6 0-1

[Event "IECC M email"]
[Site "IECC email"]
[Date "1999.06.02"]
[Round "?"]
[White "Cunningham, Don"]
[Black "Rawson, Amy"]
[Result "0-1"]
[WhiteElo "920"]
[BlackElo "1043"]
[PlyCount "104"]
[EventDate "1999.??.??"]
[EventType "tourn (corr)"]
[EventRounds "6"]
[SourceTitle "Corr 2008"]
[Source "ChessBase"]
[SourceDate "2008.06.24"]
[SourceVersion "1"]
[SourceVersionDate "2008.06.24"]
[SourceQuality "1"]

1. d4 d5 2. c4 e6 3. Nc3 Nf6 4. Bg5 Be7 5. Nf3 0-0 6. b3 Ne4 7. Bxe7 Qxe7 8. Nxe4 dxe4 9. Nd2 e5 10. Nxe4 exd4 11. Qxd4 Rd8 12. Qe3 Qe5 13. Rc1 Nc6 14. f4 Qd4 15. Qf3 Bf5 16. Ng3 Qb2 17. Qc3 Qxc3+ 18. Rxc3 Bb1 19. a3 Nd4 20. e3 Nf5 21. Nh5 Be4 22. Ng3 Nxg3 23. hxg3 f5 24. g4 fxg4 25. Rh4 Bf5 26. Kf2 g6 27. Be2 h5 28. g3 Rd2 29. Rh1 Rad8 30. c5 c6 31. Rcc1 Bc2 32. e4 Bxe4 33. Rhd1 Kf7 34. Rxd2 Rxd2 35. Ke3 Rb2 36. Bc4+ Bd5 37. b4 Bxc4 38. Rxc4 Rg2 39. Rd4 Rxg3+ 40. Kd2 Rxa3 41. Rd7+ Kf6 42. Rxb7 Ra2+ 43. Ke1 g3 44. Kf1 h4 45. Rh7 Rf2+ 46. Kg1 Rxf4 47. Rc7 Rxb4 48. Rxc6+ Kg5 49. Kg2 Rb2+ 50. Kg1 h3 51. Re6 Rb1+ 52. Re1 Rxe1# 0-1